00272 2200109 4500001002100000005001500021035002400036090001900060245005100079260002100130990001100151YOGYA00000000007612420140823092533 0010-081400000075841 a155.3 Mur A(2) aApa Yang Didambakan Istri dan SuamicMoerthiko aSolobAneka solo a7617-P